000 00767nmc a2200277 a 4500
003 AR-BaBNM
005 20251128205013.0
008 026019s1994 ||||||||||||||000 | spa||
020 _a950-21-0729-2
040 _cAR-BaBNM
100 1 _aColuccio, Félix
_d1911-2005
245 1 0 _aDiccionario de voces y expresiones argentinas
250 _a3ª ed.
260 _aBuenos Aires
_bPlus Ultra
_c1994
300 0 _a125 p.
490 0 _aTemas argentinos
_vv. 8
500 1 _aContiene abreviaturas de personas, obras, diarios y revistas
504 _aBibliografía: p. 119-125
650 4 _aDICCIONARIOS
650 4 _aLEXICOGRAFIA
653 0 _aARGENTINISMOS
655 _aREFERENCIA
800 1 _aIsaacson, José
_edirector
942 _cBK
998 _cGrace
999 _c9654
_d9654